An introduction to Multivariate Statistical Analysis (Record no. 2543)

MARC details
000 -LEADER
fixed length control field 01164pam a2200325 a 4500
001 - CONTROL NUMBER
control field 1423680
003 - CONTROL NUMBER IDENTIFIER
control field OSt
005 - DATE AND TIME OF LATEST TRANSACTION
control field 20191118145653.0
008 - FIXED-LENGTH DATA ELEMENTS--GENERAL INFORMATION
fixed length control field 840405s1984 nyu b 001 0 eng
010 ## - LIBRARY OF CONGRESS CONTROL NUMBER
LC control number 84007334
020 ## - INTERNATIONAL STANDARD BOOK NUMBER
International Standard Book Number 0471889873
040 ## - CATALOGING SOURCE
Original cataloging agency DLC
Transcribing agency DLC
Modifying agency DLC
050 00 - LIBRARY OF CONGRESS CALL NUMBER
Classification number QA278
Item number .A516 1984
082 00 - DEWEY DECIMAL CLASSIFICATION NUMBER
Classification number 519.5
Edition number 19
Item number AND 1984
100 1# - MAIN ENTRY--PERSONAL NAME
Personal name Anderson, T. W.
Dates associated with a name 1918-
9 (RLIN) 6132
245 13 - TITLE STATEMENT
Title An introduction to Multivariate Statistical Analysis
250 ## - EDITION STATEMENT
Edition statement 2nd ed.
260 ## - PUBLICATION, DISTRIBUTION, ETC. (IMPRINT)
Place of publication, distribution, etc. New York;
Name of publisher, distributor, etc. Wiley,
Date of publication, distribution, etc. 1984.
300 ## - PHYSICAL DESCRIPTION
Extent xvii, 675 p. ;
Dimensions 25 cm.
440 #0 - SERIES STATEMENT/ADDED ENTRY--TITLE
Title Wiley series in probability and mathematical statistics
9 (RLIN) 6133
500 ## - GENERAL NOTE
General note Includes index.
504 ## - BIBLIOGRAPHY, ETC. NOTE
Bibliography, etc Bibliography: p. 643-665.
650 #0 - SUBJECT ADDED ENTRY--TOPICAL TERM
Topical term or geographic name as entry element Multivariate analysis.
9 (RLIN) 964
650 #0 - SUBJECT ADDED ENTRY--TOPICAL TERM
Topical term or geographic name as entry element Mathematical analysis
9 (RLIN) 2757
856 42 - ELECTRONIC LOCATION AND ACCESS
Materials specified Contributor biographical information
Uniform Resource Identifier http://www.loc.gov/catdir/bios/wiley042/84007334.html
856 42 - ELECTRONIC LOCATION AND ACCESS
Materials specified Publisher description
Uniform Resource Identifier http://www.loc.gov/catdir/description/wiley034/84007334.html
856 4# - ELECTRONIC LOCATION AND ACCESS
Materials specified Table of Contents
Uniform Resource Identifier http://www.loc.gov/catdir/toc/onix05/84007334.html
906 ## - LOCAL DATA ELEMENT F, LDF (RLIN)
a 7
b cbc
c orignew
d 1
e ocip
f 19
g y-gencatlg
942 ## - ADDED ENTRY ELEMENTS (KOHA)
Source of classification or shelving scheme Dewey Decimal Classification
Koha item type Short Loan
Holdings
Withdrawn status Lost status Source of classification or shelving scheme Damaged status Not for loan Home library Current library Date acquired Source of acquisition Inventory number Total Checkouts Full call number Barcode Date last seen Koha item type Price effective from
    Dewey Decimal Classification     MUST Main Library MUST Main Library 12/11/2015 Purchase 01/16407   519.5 AND 1984 2015-2591 12/11/2015 Short Loan  
    Dewey Decimal Classification     MUST Main Library MUST Main Library 12/11/2015 Purchase 00/14746   519.5 AND 1984 2015-2592 12/11/2015 Short Loan  
    Dewey Decimal Classification     MUST Main Library MUST Main Library 21/03/2022 Purchase 2001/16406   519.5 AND 1984 2022-0527 21/03/2022 Open Shelf 21/03/2022
    Dewey Decimal Classification     MUST Main Library MUST Main Library 14/06/2024 Purchase 2000/14747   519.5 AND 1984 2024-20551 14/06/2024 Short Loan 14/06/2024